<?xml version="1.0" encoding="UTF-8"?>
<record
    xmlns:xsi="http://www.w3.org/2001/XMLSchema-instance"
    xsi:schemaLocation="http://www.loc.gov/MARC21/slim http://www.loc.gov/standards/marcxml/schema/MARC21slim.xsd"
    xmlns="http://www.loc.gov/MARC21/slim">

  <leader>01791nam a2200349 i 4500</leader>
  <controlfield tag="001">000036186</controlfield>
  <controlfield tag="003">DO-SdBNP</controlfield>
  <controlfield tag="005">20250721132610.0</controlfield>
  <controlfield tag="007">ta</controlfield>
  <controlfield tag="008">120110s2011    dr acd        001 0 spa d</controlfield>
  <datafield tag="040" ind1=" " ind2=" ">
    <subfield code="a">DO-SdBNP</subfield>
    <subfield code="b">spa</subfield>
    <subfield code="c">BNPHU</subfield>
    <subfield code="e">rda</subfield>
  </datafield>
  <datafield tag="041" ind1=" " ind2=" ">
    <subfield code="a">spa</subfield>
  </datafield>
  <datafield tag="082" ind1=" " ind2="4">
    <subfield code="a">352.15</subfield>
    <subfield code="b">R426p</subfield>
    <subfield code="2">22</subfield>
  </datafield>
  <datafield tag="110" ind1="1" ind2=" ">
    <subfield code="a">Rep&#xFA;blica Dominicana</subfield>
    <subfield code="b">Ayuntamiento de Boca Chica</subfield>
    <subfield code="9">62224</subfield>
  </datafield>
  <datafield tag="245" ind1="1" ind2="0">
    <subfield code="a">Plan estrat&#xE9;gico de desarrollo municipal :</subfield>
    <subfield code="b">2011-2016 /</subfield>
    <subfield code="c">presentaci&#xF3;n Daniel Ozuna.</subfield>
  </datafield>
  <datafield tag="246" ind1="0" ind2="0">
    <subfield code="a">Plan estrat&#xE9;gico de desarrollo cabildo de Boca Chica 2011-2016 :</subfield>
  </datafield>
  <datafield tag="264" ind1=" " ind2=" ">
    <subfield code="a">Santo Domingo :</subfield>
    <subfield code="b">Ayuntamiento Municipal Boca Chica,</subfield>
    <subfield code="c">2011.</subfield>
  </datafield>
  <datafield tag="300" ind1=" " ind2=" ">
    <subfield code="a">102 p&#xE1;ginas :</subfield>
    <subfield code="b">ilustraciones, gr&#xE1;ficos, retratos ;</subfield>
    <subfield code="c">29 cm.</subfield>
  </datafield>
  <datafield tag="336" ind1=" " ind2=" ">
    <subfield code="a">texto</subfield>
    <subfield code="b">txt</subfield>
    <subfield code="2">rdacontent</subfield>
  </datafield>
  <datafield tag="337" ind1=" " ind2=" ">
    <subfield code="a">sin mediaci&#xF3;n</subfield>
    <subfield code="b">n</subfield>
    <subfield code="2">rdamedia</subfield>
  </datafield>
  <datafield tag="338" ind1=" " ind2=" ">
    <subfield code="a">volumen</subfield>
    <subfield code="b">nc</subfield>
    <subfield code="2">rdacarrier</subfield>
  </datafield>
  <datafield tag="505" ind1="0" ind2=" ">
    <subfield code="a">Introducci&#xF3;n --</subfield>
    <subfield code="t">Consejo municipal --</subfield>
    <subfield code="t">&#xD3;rgano ejecutivo, equipo t&#xE9;cnico y encargados --</subfield>
    <subfield code="t">Resoluci&#xF3;n --</subfield>
    <subfield code="t">Cap&#xED;tulo introductorio --</subfield>
    <subfield code="t">Descripci&#xF3;n y an&#xE1;lisis de la situaci&#xF3;n actual del Municipio de Boca Chica --</subfield>
    <subfield code="t">Perfil institucional del Cabildo de Boca Chica --</subfield>
    <subfield code="t">An&#xE1;lisis FODA --</subfield>
    <subfield code="t">Perfil estrat&#xE9;gico Cabildo de Boca Chica --</subfield>
    <subfield code="t">Seguridad y prevenci&#xF3;n --</subfield>
    <subfield code="t">Administraci&#xF3;n eficaz del municipio --</subfield>
    <subfield code="t">Cuadro de Mando Integral (CMI) --</subfield>
    <subfield code="g">Anexos.</subfield>
  </datafield>
  <datafield tag="590" ind1=" " ind2=" ">
    <subfield code="a">Inventariado,2018/DG</subfield>
  </datafield>
  <datafield tag="650" ind1=" " ind2="0">
    <subfield code="a">Gobierno municipal </subfield>
    <subfield code="z">Boca Chica (Rep&#xFA;blica Dominicana)</subfield>
    <subfield code="9">17207</subfield>
  </datafield>
  <datafield tag="650" ind1=" " ind2="4">
    <subfield code="a">Planificaci&#xF3;n estrat&#xE9;gica</subfield>
    <subfield code="9">2433</subfield>
  </datafield>
  <datafield tag="651" ind1=" " ind2="4">
    <subfield code="a">Boca Chica (Rep&#xFA;blica Dominicana)</subfield>
    <subfield code="x">Pol&#xED;tica econ&#xF3;mica</subfield>
    <subfield code="9">62226</subfield>
  </datafield>
  <datafield tag="651" ind1=" " ind2="4">
    <subfield code="a">Boca Chica (Rep&#xFA;blica Dominicana</subfield>
    <subfield code="9">80640</subfield>
  </datafield>
  <datafield tag="651" ind1=" " ind2="4">
    <subfield code="a">Boca Chica (Rep&#xFA;blica Dominicana)</subfield>
    <subfield code="x">Pol&#xED;tica social</subfield>
    <subfield code="9">62227</subfield>
  </datafield>
  <datafield tag="700" ind1="1" ind2=" ">
    <subfield code="a">Ozuna, Daniel,</subfield>
    <subfield code="e">presentaci&#xF3;n</subfield>
    <subfield code="9">62228</subfield>
  </datafield>
  <datafield tag="910" ind1=" " ind2=" ">
    <subfield code="a">Validado. Control de calidad EMS</subfield>
  </datafield>
  <datafield tag="942" ind1=" " ind2=" ">
    <subfield code="2">ddc</subfield>
    <subfield code="c">LBS1</subfield>
  </datafield>
  <datafield tag="952" ind1=" " ind2=" ">
    <subfield code="0">0</subfield>
    <subfield code="1">0</subfield>
    <subfield code="2">ddc</subfield>
    <subfield code="5">6</subfield>
    <subfield code="7">0</subfield>
    <subfield code="8">DS</subfield>
    <subfield code="a">BNPHU</subfield>
    <subfield code="b">BNPHU</subfield>
    <subfield code="c">HD</subfield>
    <subfield code="d">2012-01-10</subfield>
    <subfield code="l">0</subfield>
    <subfield code="o">BNPHU DS 352.15 R426p</subfield>
    <subfield code="p">36186-30</subfield>
    <subfield code="r">2020-06-25</subfield>
    <subfield code="t">e.3</subfield>
    <subfield code="w">2020-06-25</subfield>
    <subfield code="y">LBS1</subfield>
    <subfield code="Z">Pr&#xE9;stamo en sala</subfield>
  </datafield>
  <datafield tag="952" ind1=" " ind2=" ">
    <subfield code="0">0</subfield>
    <subfield code="1">0</subfield>
    <subfield code="2">ddc</subfield>
    <subfield code="5">1</subfield>
    <subfield code="7">0</subfield>
    <subfield code="8">PD</subfield>
    <subfield code="a">BNPHU</subfield>
    <subfield code="b">BNPHU</subfield>
    <subfield code="c">HD</subfield>
    <subfield code="d">2012-01-10</subfield>
    <subfield code="l">0</subfield>
    <subfield code="o">BNPHU PD 352.15 R426p</subfield>
    <subfield code="p">36186-10</subfield>
    <subfield code="r">2020-06-25</subfield>
    <subfield code="w">2020-06-25</subfield>
    <subfield code="y">LBS1</subfield>
    <subfield code="Z">No se presta</subfield>
  </datafield>
  <datafield tag="952" ind1=" " ind2=" ">
    <subfield code="0">0</subfield>
    <subfield code="1">0</subfield>
    <subfield code="2">ddc</subfield>
    <subfield code="5">1</subfield>
    <subfield code="7">0</subfield>
    <subfield code="8">PD</subfield>
    <subfield code="a">BNPHU</subfield>
    <subfield code="b">BNPHU</subfield>
    <subfield code="c">HD</subfield>
    <subfield code="d">2012-01-10</subfield>
    <subfield code="l">0</subfield>
    <subfield code="o">BNPHU PD 352.15 R426p</subfield>
    <subfield code="p">36186-20</subfield>
    <subfield code="r">2020-06-25</subfield>
    <subfield code="t">e.2</subfield>
    <subfield code="w">2020-06-25</subfield>
    <subfield code="y">LBS1</subfield>
    <subfield code="Z">No se presta</subfield>
  </datafield>
  <datafield tag="999" ind1=" " ind2=" ">
    <subfield code="c">35677</subfield>
    <subfield code="d">35677</subfield>
  </datafield>
</record>
